=LDR 00000nam 2200000 4500 =001 INLIS000000000019108 =005 20130612114217 =008 ***********************************Ind** =035 ##$$0010-061300000019108 =041 ##$$a Ind =082 ##$$a 823 =090 ##$$a 823, Str c =100 ##$$a Street, A.G =245 ##$$a Cooper"s coossings, A.G Street =260 ##$$a 1962 $b London =300 ##$$a 238 hlm, 32 cm =650 ##$$a Fiksi Inggris =850 ##$$a NBPNMAT